Reverse Dictionary #4 - Statistics

General Stats
  • This quiz has been taken 124 times
  • The average score is 18 of 25
Answer Stats
Definition First Letter Word % Correct
A hand with the fingers clenched or curled inward. F Fist
98%
The control center of the central nervous system of an animal located in the skull which is responsible for perception, cognition, attention, memory, emotion, and action. B Brain
94%
A fine fiber excreted by the silkworm or other arthropod (such as a spider). S Silk
94%
The branch of natural science that deals with the composition and constitution of substances and the changes that they undergo as a consequence of alterations in the constitution of their molecules. C Chemistry
92%
Repetition of an activity to improve a skill. P Practice
89%
One of the two occasions in the year when the length of the day and night are equal. E Equinox
87%
To carry or have equipped on or about one's body, as an item of clothing, equipment, decoration, etc. W Wear
87%
The management of money and other assets. F Finance
86%
A broad street, especially one bordered by trees or, in cities laid out in a grid pattern, one that is on a particular side of the city or that runs in a particular direction. A Avenue
85%
To make (something) larger. E Enlarge
84%
The visible vapor/vapour, gases, and fine particles given off by burning or smoldering material. S Smoke
81%
The line or frontier area separating political or geographical regions. B Border
80%
To reduce to smaller pieces by crushing with lateral motion. G Grind
78%
The system of production and distribution and consumption. The overall measure of a currency system. E Economy
76%
Honest, especially in a manner that seems slightly blunt; candid; not reserved or disguised. F Frank
73%
A means, such as a personal letter, of presenting one person to another. I Introduction
71%
Culpability for something negative or undesirable. B Blame
57%
Of, related to, feeling, showing, or characterized by sympathy. S Sympathetic
57%
The office or function of an agent; also, the relationship between a principal and that person's agent. A Agency
56%
An object or a kind of indication which may be used as evidence. C Clue
55%
A round or irregular patch on the surface of a thing having a different color, texture etc. and generally round in shape. S Spot
45%
Superior in quality; higher in price or value. P Premium
44%
To add to an account. C Credit
36%
A grant of a monopoly over the manufacture, sale, and use of goods. P Patent
33%
A number of things of the same kind, growing or held together; a bunch. C Cluster
31%
No matching quizzes found
Score Distribution
Percent of People with Each Score
Percentile by Number Answered
Your Score History
You have not taken this quiz